Missing Word: Selfish Songs Quiz Stats

 Plays Quiz Updated Aug 20, 2014

Support Sporcle.
Go Orange.
Score 0/16 Timer 04:00
0 Plays Today
Hint Answer % Correct
I Will _____ Love YouAlways
97.1%
I _____ It Through the GrapevineHeard
96.1%
I ____ the LineWalk
95.4%
I'll Make _____ to YouLove
90.6%
I ____ to PiecesFall
80.5%
I Fought the ____ (And the ____ Won)Law
80.1%
If I ____ a HammerHad
78.1%
I Put a ____ on YouSpell
77.9%
Hint Answer % Correct
I Am the _____Walrus
77%
I Can See for _____Miles
74.1%
I Won't ____ DownBack
73.7%
When I _____ AroundCome
63.4%
I Started ____ I Couldn't FinishSomething
49.4%
I Want to _____ FreeBreak
49.4%
I Don't Like ____Mondays
36.2%
I'm Not ____ (I Promise)Okay
16.2%

Today's Daily Dose

Missing Word
1944 Movies A-Z

Word Ladder
An Angry Alt+F4

Get the Picture
Colors in 4 Languages

You're not logged in!

Compare scores with friends on all Sporcle quizzes.
OR
Log In

From the Vault

NFL QBs with 7 TDs in a Game

by Treverbeast454

These guys threw for 7 TDs in a single game, and boy are their arms tired.
Remove Ads.
Support Sporcle.
Get the best of Sporcle when you Go Orange. This ad-free experience offers more features, more stats, and more fun while also helping to support Sporcle. Thank you for becoming a member.

Show Comments

Extras

Top Quizzes Today


Score Distribution

Your Account Isn't Verified!

In order to create a playlist on Sporcle, you need to verify the email address you used during registration. Go to your Sporcle Settings to finish the process.

Report this User

Report this user for behavior that violates our Community Guidelines.

Details: